Мутационный процесс в популяциях грызунов Урала и прилегающих территорий: влияние природных и антропогенных факторов; Тяжелые металлы и радионуклиды в окружающей среде; Т. 2

מידע ביבליוגרפי
Parent link:Тяжелые металлы и радионуклиды в окружающей среде: материалы VII Международной научно-практической конференции, 4-8 октября 2012 г., г. Семипалатинск (Семей)/ Семипалатинский государственный педагогический институт ; Российская академия наук (РАН), Институт геохимии и аналитической химии (ГЕОХИ) ; Московский государственный университет им. М. В. Ломоносова (МГУ) ; Национальный исследовательский Томский политехнический университет (ТПУ) ; Российская академия наук (РАН), Сибирское отделение (СО), Институт почвоведения и агрохимии (ИПА) ; под ред. М. А. Бектемесова.— , 2012.— 978-601-7332-72-3
Т. 2.— 2012.— С. 692-698
מחבר ראשי: Ялковская Л. Э.
מחברים אחרים: Полявина О. В.
שפה:רוסית
יצא לאור: 2012
סדרה:Влияние антропогенного загрязнения природной среды тяжелыми металлами и радионуклидами на популяции живых организмов и экосистемы
נושאים:
פורמט: Book Chapter
KOHA link:https://koha.lib.tpu.ru/cgi-bin/koha/opac-detail.pl?biblionumber=261442

MARC

LEADER 00000naa2a2200000 4500
001 261442
005 20231031221630.0
035 |a (RuTPU)RU\TPU\book\284422 
035 |a RU\TPU\book\284396 
090 |a 261442 
100 |a 20140523d2012 k y0rusy50 ca 
101 0 |a rus 
102 |a RU 
200 1 |a Мутационный процесс в популяциях грызунов Урала и прилегающих территорий: влияние природных и антропогенных факторов  |f Л. Э. Ялковская, О. В. Полявина 
225 1 |a Влияние антропогенного загрязнения природной среды тяжелыми металлами и радионуклидами на популяции живых организмов и экосистемы 
320 |a Библиогр.: с. 698 (14 назв.) 
461 1 |0 (RuTPU)RU\TPU\book\270768  |y 978-601-7332-72-3  |t Тяжелые металлы и радионуклиды в окружающей среде  |o материалы VII Международной научно-практической конференции, 4-8 октября 2012 г., г. Семипалатинск (Семей)  |f Семипалатинский государственный педагогический институт ; Российская академия наук (РАН), Институт геохимии и аналитической химии (ГЕОХИ) ; Московский государственный университет им. М. В. Ломоносова (МГУ) ; Национальный исследовательский Томский политехнический университет (ТПУ) ; Российская академия наук (РАН), Сибирское отделение (СО), Институт почвоведения и агрохимии (ИПА) ; под ред. М. А. Бектемесова  |d 2012 
463 1 |0 (RuTPU)RU\TPU\book\269462  |t Т. 2  |v С. 692-698  |d 2012  |p 713 с. 
610 1 |a мутации 
610 1 |a грызуны 
610 1 |a Урал 
610 1 |a природные факторы 
610 1 |a антропогенные факторы 
610 1 |a загрязнения 
700 1 |a Ялковская  |b Л. Э. 
701 1 |a Полявина  |b О. В. 
801 1 |a RU  |b 63413507  |c 20140507 
801 2 |a RU  |b 63413507  |c 20140523  |g RCR 
942 |c BK